000 00811nam a22002297a 4500
999 _c1325
_d1325
003 AR-CdUCM
008 190226b ||||| |||| 00| 0 spa d
020 _a9501800822
040 _aMUNICIPALIDAD PROVINCIAL DEL CUSCO
_cBIBLIOTECA MUNICIPAL DEL CUSCO
082 _a332.4 /
_bK41
100 _aDam Kenneth W.
_95088
245 _aLas reglas del juego :
_breforma y evolución en el sistema monetario internacional /
_cDam Kenneth W.
260 _aBuenos Aires, Argentina :
_bTres Tiempos ,
_c1987.
300 _a505 paginas :
_c20.5 cm.
650 _aEconomia Internacional.
_93982
650 _aPolitica Comercial.
_95089
650 _aSistema Monetario Internacional.
_95090
650 _aComercio Internacional.
_95091
700 _aDam Kenneth W.
_95088
942 _2ddc
_cLIBROS
945 _artm
_d2019-02-26